000
00268nam a2200109Ia 4500
008
190914s9999||||xx |||||||||||||| ||und||
100
_a
Warren.J Keegan
245
0
_a
Principles of Global Marketing
260
_a
New york
_b
Prentice
_c
1995
300
_a
210
942
_c
BK
999
_c
8716
_d
8716